Music Quiz

Random Music or Album Quiz

David Bowie Albums Quiz Stats

 Plays Quiz Updated Sep 20, 2019

Score 0/26 Timer 05:00
18 Plays Today
Year Album % Correct
1972The Rise and Fall of Ziggy Stardust and the Spiders from Mars
93.3%
1969David Bowie
87.4%
2016Blackstar
84.5%
1971Hunky Dory
79.9%
1974Diamond Dogs
79.2%
1977'Heroes'
79.2%
1967David Bowie
79.2%
1977Low
78.2%
1973Aladdin Sane
78.1%
1983Let's Dance
77.9%
1970The Man Who Sold the World
71%
1975Young Americans
70.1%
1976Station to Station
69.2%
Year Album % Correct
2013The Next Day
68.1%
1980Scary Monsters (and Super Creeps)
67.8%
1979Lodger
65.9%
1973Pin Ups
65%
2002Heathen
61.9%
1997Earthling
55.7%
2003Reality
53.7%
1984Tonight
52.1%
1995Outside
51%
1993Black Tie, White Noise
50.8%
1999Hours...
49%
1987Never Let Me Down
47.6%
1993The Buddha of Suburbia
42.5%

You're not logged in!

Compare scores with friends on all Sporcle quizzes.
OR
Log In

Sporcle TV

Today on Sporcle TV


Watch our educational content, quiz creation guides, and fun videos on Sporcle TV.

Show Comments

Extras

Top Quizzes Today


Score Distribution

Your Account Isn't Verified!

In order to create a playlist on Sporcle, you need to verify the email address you used during registration. Go to your Sporcle Settings to finish the process.

Report this User

Report this user for behavior that violates our Community Guidelines.

Details: